| 000 | 00376nam a2200157Ia 4500 | ||
|---|---|---|---|
| 008 | 241228s9999 xx 000 0 und d | ||
| 020 | _a9781003264859 | 9781032200507 | ||
| 082 | _a621.3822 MCF/D | ||
| 100 | _aMcFee, Brian | ||
| 245 | 0 | _aDigital signals theory | |
| 260 | _aBoca raton, | ||
| 260 | _bCRC Press, | ||
| 260 | _c2024 | ||
| 300 | _axvii, 259p. | ||
| 942 | _cBK | ||
| 999 |
_c40102 _d40102 |
||